Electric machinery:the processes, devices, and systems of electromechanical energy conversion (Record no. 66029)
[ view plain ]
| 000 -LEADER | |
|---|---|
| fixed length control field | 00506nam a22001697a 4500 |
| 003 - CONTROL NUMBER IDENTIFIER | |
| control field | NUST - PNEC |
| 005 - DATE AND TIME OF LATEST TRANSACTION | |
| control field | 20170116180935.0 |
| 008 - FIXED-LENGTH DATA ELEMENTS--GENERAL INFORMATION | |
| fixed length control field | 150905b xxu||||| |||| 00| 0 eng d |
| 020 ## - INTERNATIONAL STANDARD BOOK NUMBER | |
| International Standard Book Number | 0077077083 |
| 040 ## - CATALOGING SOURCE | |
| Transcribing agency | LIBRARY |
| 082 ## - DEWEY DECIMAL CLASSIFICATION NUMBER | |
| Classification number | 621.31042 FIT |
| 100 ## - MAIN ENTRY--PERSONAL NAME | |
| 9 (RLIN) | 7532 |
| Personal name | Fitzgerald, A. E. |
| 245 ## - TITLE STATEMENT | |
| Title | Electric machinery:the processes, devices, and systems of electromechanical energy conversion |
| Statement of responsibility, etc. | A. E. Fitzgerald |
| 250 ## - EDITION STATEMENT | |
| Edition statement | 6th ed. |
| 650 ## - SUBJECT ADDED ENTRY--TOPICAL TERM | |
| 9 (RLIN) | 1582 |
| Topical term or geographic name entry element | Electric machinery |
| General subdivision | ME, IME |
| 942 ## - ADDED ENTRY ELEMENTS (KOHA) | |
| Source of classification or shelving scheme | |
| Koha item type | Book |
| Withdrawn status | Lost status | Source of classification or shelving scheme | Damaged status | Not for loan | Permanent Location | Current Location | Shelving location | Date acquired | Total Checkouts | Full call number | Barcode | Date last seen | Price effective from | Koha item type |
|---|---|---|---|---|---|---|---|---|---|---|---|---|---|---|
| Pakistan Navy Engineering College (PNEC) | Pakistan Navy Engineering College (PNEC) | 621.31042 FIT | PNEClib-022975 | 09/06/2015 | Book |
